LEADER 01267cam0-22003971i-450- 001 990004956960403321 005 20150410154744.0 012 $alos, t.s. g..* **** (3) 1816 (A) -$2fei$5IT-NA0105 035 $a000495696 035 $aFED01000495696 035 $a(Aleph)000495696FED01 035 $a000495696 100 $a19990604d1816----km-y0itay50------ba 101 0 $agrc$alat 102 $aDE 140 $aa-------------------bb0----- 200 1 $aIoannis Tzetzae Antehomerica homerica et posthomerica ex recensione Immanuelis Bekkeri. Accedunt excerpta ex Chrestomathia Procli 210 $aBerolini$cG.E. Reimeri$d1816 215 $aXIII, [3], 86 p.$d23 cm 500 10$aAntehomerica$938692 500 10$aHomerica$938693 500 10$aPosthomerica$938694 676 $a883.02$v22$zita 700 1$aTzetzes,$bJohn$f<12 saec.>$0395210 702 1$aBekker,$bImmanuel$f<1785-1871> 702 1$aProclus Atheniensis$f<410-ca.485> 719 00$aReimer,$gGeorg Andreas$4650 801 0$aIT$bUNINA$gRICA$2UNIMARC 901 $aAQ 912 $a990004956960403321 952 $aSG 880/B 119$bBibl. 33067$fFLFBC 959 $aFLFBC 996 $aPosthomerica$938694 996 $aHomerica$938693 996 $aAntehomerica$938692 997 $aUNINA LEADER 01147nam0-22003491i-450 001 990003781590403321 005 20200114112224.0 035 $a000378159 035 $aFED01000378159 035 $a(Aleph)000378159FED01 035 $a000378159 100 $a20001010d1993----km-y0itay50------ba 101 0 $aita 105 $ay-------001yy 200 1 $a<>giovani e le religioni in Europa$epersistenze valoriali e nuovi orientamenti = Young People and Religions in Europe$ePersistance and Change in Values$fa cura di = edited by Luigi Tomasi 210 $aTrento$cReverdito$dc1993 215 $a195 p.$cgraf., tab.$d24 cm 225 1 $aSociologia$v8 510 1 $aYoung People and Religions in Europe$ePersistance and Change in Values 610 0 $aGiovani e religione$aEuropa 610 0 $aReligione (sociologia)$aEuropa 676 $a305.242094 676 $a306.6094 702 1$aTomasi,$bLuigi 801 0$aIT$bUNINA$gRICA$2UNIMARC 901 $aBK 912 $a990003781590403321 952 $a305.242094 TOM2$b5284 959 $aBFS 996 $aGIOVANI e le religioni in Europa$9509935 997 $aUNINA DB $aING01 LEADER 01484nam a2200325 i 4500 001 991002374289707536 005 20250429112840.0 008 990323s1988 it a er 001 0 ita 020 $a8806599666 035 $ab1035542x-39ule_inst 035 $aEXGIL102843$9ExL 040 $aBibl. Dip.le Aggr. Studi Umanistici - Sez. Filologia Linguistica$bita$dSocioculturale Scs 082 04$a305.234$223 100 1 $aLastrego, Cristina$036828 245 10$aDalla televisione al libro :$bbambini e informazione /$cCristina Lastrego e Francesco Testa 260 $aTorino :$bEinaudi,$c1988 300 $a198 p. :$bill. ;$c20 cm 490 1 $aGli struzzi ;$v332 500 $ain copertina: come leggere la Tv? Come usare i libri? 650 4$aTrasmissioni televisive$xEffetti psicologici$xInfanzia 700 1 $aTesta, Francesco$eauthor$4http://id.loc.gov/vocabulary/relators/aut$0460908 830 4$aGli struzzi ;$v332 907 $a.b1035542x$b21-09-06$c27-06-02 912 $a991002374289707536 945 $aLE008 FL.M. (TR.P.) I F 95$g1$i2008000361747$lle008$o-$pE0.00$q-$rl$s-$t0$u0$v0$w0$x0$y.i10416316$z27-06-02 945 $aLE022 MP 68 B 56$g1$i2022000051378$lle022$o-$pE0.00$q-$rl$s-$t0$u1$v0$w1$x0$y.i1401743x$z25-02-05 945 $aLE022 MP 68 B 56 bis$g2$i2022000051408$lle022$o-$pE0.00$q-$rl$s-$t0$u0$v0$w0$x0$y.i14017441$z25-02-05 996 $aDalla televisione al libro$91445702 997 $aUNISALENTO 998 $ale008$ale022$b01-01-99$cm$da$e-$fita$git$h0$i1